00253nam a2200109Ia 4500008004100000100002200041245002500063250001200088260002700100300000800127650000800135191201s2012 xx 000 0 und d aPETERSEN, Crain H 0aManagerial Economics aIMP 5th aN.DelhibPearsonc2012 a622 aMBA